000 00195 a2200097 4500
001 19102
100 _aGunston, W T
245 _aFlight Handbook
260 _a
_bIliffe
_c
090 _c14136
_d14136
942 _aNUST-CAE
_cM
_c4599
999 _c254175
_d254175